Football competition winners 2018/19 - Statistics

General Stats
  • This quiz has been taken 19 times
  • The average score is 21 of 26
Answer Stats
Competition Winner % Correct
La liga Barcelona
100%
Supercopa de Espana Barcelona
100%
Premier league Manchester city
100%
FA Cup Manchester City
100%
Carabao Cup Manchester City
100%
Community shield Manchester City
100%
Bundesliga Bayern Munich
94%
DFB-Pokal Bayern Munich
94%
DFL-Supercup Bayern Munich
94%
Serie A Juventus
94%
Supercoppa Italia Juventus
94%
UEFA Champions league Liverpool
94%
Ligie 1 PSG
89%
Trophee des Champoins PSG
89%
Eredivisie Ajax
83%
UEFA Europa league Chelsea
83%
Womens world Cup United states
83%
Copa del Rey Valencia
83%
UEFA Super Cup Atletico Madrid
78%
Copa America Brazil
78%
Liga NOS Benfica
72%
Coppa Italia Lazio
72%
Super Lig Galatasaray
56%
MLS Atlanta United
39%
Coupe de la Ligue Strasbourg
28%
Coupe de France Rennes
22%
No matching quizzes found
Score Distribution
Percent of People with Each Score
Percentile by Number Answered
Your Score History
You have not taken this quiz